header

An archaeology of the early Anglo-Saxon kingdoms (Record no. 194981)

MARC details
000 -LEADER
fixed length control field 01441nam a2200373Ia 4500
082 04 - DEWEY DECIMAL CLASSIFICATION NUMBER
Classification number 942.01/5
100 1# - MAIN ENTRY--AUTHOR NAME
Personal name Arnold, C. J.
245 13 - TITLE STATEMENT
Title An archaeology of the early Anglo-Saxon kingdoms
250 ## - EDITION STATEMENT
Edition statement 2nd ed.
260 ## - PUBLICATION, DISTRIBUTION, ETC. (IMPRINT)
Place of publication London ;
-- New York :
Name of publisher Routledge,
Year of publication 1997.
300 ## - PHYSICAL DESCRIPTION
Number of Pages xviii, 259 p. :
Other physical details ill., maps.
650 #0 - SUBJECT ADDED ENTRY--TOPICAL TERM
Topical Term Excavations (Archaeology)
Topical Term Anglo-Saxons
Topical Term Archaeology, Medieval.
856 40 - ELECTRONIC LOCATION AND ACCESS
Uniform Resource Identifier http://site.ebrary.com/lib/rucke/Doc?id=10095151

No items available.

© 2026 Rongo University
Contact us: librarian | system librarian | Rongo university